000 00784nas a2200229 454500
001 29076
005 20260407193507.0
008 260407s1978####ag###########|||spa#d
003 AR-UNSa-BCEJYS
040 _aAR-UNSa-BCEJYS
_bspa
_cAR-UNSa-BCEJYS
080 _a339.5
_xComercio exterior. Comercio Internacional
245 1 0 _aBalance of payments yearbook
264 1 _aWashington :
_bInternational Monetary Fund
_c1978
310 _aFrecuencia: Mensual
041 _aspa
942 _cSER
590 _aniveau_biblio:s niveau_hierar:1
100 1 _aInternational Monetary Fund
650 _aComercio internacional
650 _aDatos estadísticos
856 4 1 _uhttps://biblioeco.unsa.edu.ar/pmb/images/revistas/Balance of Payments Statistics-r14077.jpg
_yImagen de portada
_qimage/jpeg
999 _c8665
_d8665